000 00626nam a2200241Ia 4500
003 OSt
005 20220928144840.0
006 a|||||r|||| 00| 0
007 ta
008 220927b |||||||| |||| 00| 0 eng d
024 _a76378
037 _cTextual
040 _aSDCL
_cSDCL
_beng
041 _2eng
_aeng
082 _aX:89F, L9
100 _aDe Coster Don T
_9509918
245 0 _aManagement accounting
_b A decision emphasis.
250 _a2
260 _c1979
700 _a Schafer Eldon L
_9509919
942 _hX:89F, L9
_cTEXL
_2CC
999 _c829923
_d829923